| 000 | 00620nam a2200217 i 4500 | ||
|---|---|---|---|
| 001 | 128431 | ||
| 003 | ES-MaACL | ||
| 005 | 20230906193259.0 | ||
| 007 | t| | ||
| 008 | 070510s1957 sp ||||1| spa d | ||
| 100 | 1 |
_aTallant, Robert. _9109128 |
|
| 245 | 1 | 0 |
_aGente alegre / _cRobert Tallant ; versión castellana de J.A.G.-Larraya. |
| 250 | _a1ª ed. | ||
| 260 |
_aBarcelona : _bToray, _c[1957] |
||
| 300 |
_a257 p. ; _c20 cm. |
||
| 490 | 1 | _aSemilla y viento | |
| 700 | 1 |
_aLarraya, Juan A. G. _970325 |
|
| 830 | 0 |
_aSemilla y viento _9186744 |
|
| 852 |
_aES-MaACL _jC-12898 _bR.41083 |
||
| 999 |
_c128431 _d128431 |
||